000 00682pam a2200241 a 4500
008
020 _a0256141827 (hbk.)
049 _aMAIN
090 _aTA1800
100 1 _aChen, Chin-Lin.
245 1 0 _aElements of optoelectronics and fiber optics /
_cChin-Lin Chen.
260 _aChicago :
_bIrwin ,
_cc1996.
300 _ax, 595 p. :
_bill. ;
_c25 cm.
504 _aIncludes bibliographical references.
500 _aIncludes index.
650 0 _aFiber optics.
650 0 _aOptoelectronics.
907 _a.b10018979
_b25-01-07
_c17-04-03
003
005 20230123134054.0
040 _cNUST
942 _cBOOKS
_kTA1800
999 _c159525
_d159525